Internal conversion coefficients / (Record no. 34839)
[ view plain ]
| 000 -LEADER | |
|---|---|
| fixed length control field | 00752nam a22002411 4500 |
| 001 - CONTROL NUMBER | |
| control field | 34839 |
| 003 - CONTROL NUMBER IDENTIFIER | |
| rucl marc code | BD-RjUL |
| 005 - DATE AND TIME OF LATEST TRANSACTION | |
| control field | 20211209052223.0 |
| 008 - FIXED-LENGTH DATA ELEMENTS--GENERAL INFORMATION | |
| fixed length control field | 140519s1958 ne a 000 0 eng |
| 035 ## - SYSTEM CONTROL NUMBER | |
| System control number | (BD-RjUL)34933 |
| 040 ## - CATALOGING SOURCE | |
| Original cataloging agency | DLC/ICU |
| Transcribing agency | ICU |
| Modifying agency | BD-RjUL |
| Language of cataloging | eng |
| 041 ## - LANGUAGE CODE | |
| Language code of text/sound track or separate title | eng |
| 082 00 - DEWEY DECIMAL CLASSIFICATION NUMBER | |
| Classification number | 539.7083 |
| Author mark and year | ROI 1958 |
| 100 1# - MAIN ENTRY--PERSONAL NAME | |
| Personal name | Rose, Morris Edgar, |
| Dates associated with a name | 1911- |
| 9 (RLIN) | 29877 |
| 245 10 - TITLE STATEMENT | |
| Title | Internal conversion coefficients / |
| Statement of responsibility, etc. | M. E. Rose. |
| 260 ## - PUBLICATION, DISTRIBUTION, ETC. (IMPRINT) | |
| Place of publication, distribution, etc. | Amsterdam ; |
| Name of publisher, distributor, etc. | North-Holland Pub. Co. ; |
| Place of publication, distribution, etc. | New York : |
| Name of publisher, distributor, etc. | Interscience Publishers, |
| Date of publication, distribution, etc. | 1958. |
| 300 ## - PHYSICAL DESCRIPTION | |
| Pagination | 173 p. : |
| Illustrations | illus. ; |
| Size | 32 cm. |
| 650 #0 - SUBJECT ADDED ENTRY--TOPICAL TERM | |
| Topical term or geographic name as entry element | Internal conversion (Nuclear physics) |
| General subdivision | Tables. |
| 9 (RLIN) | 106051 |
| 942 ## - ADDED ENTRY ELEMENTS (KOHA) | |
| Source of classification or shelving scheme | Dewey Decimal Classification |
| Koha item type | Books |
| Lost status | Source of classification or shelving scheme | Damaged status | Not for loan | Collection code | Permanent Location | Current Location | Shelving location | Date acquired | Source of acquisition | Cost, normal purchase price | Total Checkouts | Full call number | Date last seen | Copy number | Koha item type |
|---|---|---|---|---|---|---|---|---|---|---|---|---|---|---|---|
| Dewey Decimal Classification | Not For Loan | Non-fiction | Central Library, University of Rajshahi | Central Library, University of Rajshahi | Reading Room | 01/12/1962 | Zeitlinger | 39.40 | 539.7083 ROI 1958 | 19/05/2014 | C-1 | Books |